|
|
|
|
| LEADER |
00608cam a2200193 7i4500 |
| 001 |
0000002739 |
| 005 |
20170218090000.0 |
| 020 |
|
|
|a 9780072229486
|
| 020 |
|
|
|a 0072229489 (pbk.)
|
| 090 |
0 |
0 |
|a HF5476
|b .H47 2003
|
| 100 |
1 |
|
|a Holden, Greg
|
| 245 |
1 |
0 |
|a How to do everything with your eBay business
|c Greg Holden.
|
| 260 |
|
|
|a New York:
|b McGraw-Hill/Osborne,
|c 2003.
|
| 300 |
|
|
|a xxiii, 437 p.:
|b ill.;
|c 23 cm.
|
| 500 |
|
|
|a Includes index
|
| 650 |
0 |
0 |
|a Internet auctions
|
| 650 |
0 |
0 |
|a Internet marketing
|
| 997 |
|
|
|a Business & Accountancy, Faculty
|
| 999 |
|
|
|a 0000009650
|b BOK
|c OPEN SHELF
|e 1st Floor, Shah Alam
|